| 000 | 00906nam a2200253 i 4500 | ||
|---|---|---|---|
| 001 | 188469 | ||
| 003 | SpMaBN | ||
| 005 | 20240129165452.0 | ||
| 008 | 181120s2004 sp |||| | spa d | ||
| 020 | _a84-204-4290-9 | ||
| 080 | _a821.134.2-31"19" | ||
| 100 | 1 |
_aPérez-Reverte, Arturo, _d1951- _9226783 |
|
| 245 | 1 | 3 |
_aEl capitán Alatriste / _cArturo y Carlota Pérez-Reverte. |
| 260 |
_aMadrid : _bAlfaguara, _c2004. |
||
| 300 |
_a247, [6] p. : _bil. ; _c20 cm. |
||
| 490 | 1 |
_aLas aventuras del capitán Alatriste ; _v1 |
|
| 700 | 1 |
_aPérez-Reverte, Carlota, _d1983- _9165609 |
|
| 830 | 4 |
_9176650 _aLas aventuras del capitán Alatriste ; _v1 |
|
| 852 |
_aES-MaACL _jA-14274 _9195599 _bR.151614 _cDEPO1 _dOlim: N-7274 _hDonante: José Lázaro |
||
| 903 |
_9234219 _aLázaro García, José _ednr |
||
| 942 |
_2udc _cMONOGRAFIA |
||
| 999 |
_c188469 _d188469 |
||